Statistics for all car seat headrest

Click here to take the quiz!

General Stats

  • This quiz has been taken 75 times
  • The average score is 69 of 202

Answer Stats

HintAnswer% Correct
Twin Fantasy (Face to Face | Twin Fantasy (Mirror to MirrorSober to Death
95%
Twin Fantasy (Face to Face | Twin Fantasy (Mirror to MirrorBeach Life-in-Death
86%
Twin Fantasy (Mirror to MirrorStop Smoking
86%
Twin Fantasy (Face to FaceStop Smoking (We Love You)
86%
Twin Fantasy (Face to Face | Twin Fantasy (Mirror to MirrorBodys
84%
Twin Fantasy (Face to Face | Twin Fantasy (Mirror to MirrorHigh to Death
84%
Twin Fantasy (Face to Face | Twin Fantasy (Mirror to MirrorMy Boy (Twin Fantasy)
84%
Making a Door Less OpenFamous
78%
Twin Fantasy (Mirror to MirrorFamous Prophets (Minds)
78%
Twin Fantasy (Face to FaceFamous Prophets (Stars)
78%
Twin Fantasy (Face to Face | Twin Fantasy (Mirror to MirrorTwin Fantasy (Those Boys)
78%
Twin Fantasy (Face to Face | Twin Fantasy (Mirror to MirrorCute Thing
76%
Twin Fantasy (Face to Face | Twin Fantasy (Mirror to MirrorNervous Young Inhumans
73%
Teens of DenialDrunk Drivers / Killer Whales
70%
Teens of DenialFill in the Blank
70%
Starving While LivingIt's Only Sex
68%
Teens of DenialDestroyed by Hippie Powers
65%
Teens of Denial(Joe Gets Kicked Out of School for Using) Drugs With Friends (But Says This Isn't a Problem)
65%
Teens of DenialVincent
65%
Teens of DenialJoe Goes to School
62%
My Back Is Killing Me Baby | Teens of StyleThe Drum
62%
Teens of Denial1937 State Park
59%
Monomania | Teens of StyleMaud Gone
59%
My Back Is Killing Me Baby | Teens of StyleSomething Soon
59%
3Beach Funeral
54%
How to Leave TownBeast Monster Thing (Love Isn't Love Enough)
54%
Teens of DenialCosmic Hero
54%
3 | Starving While Living | Teens of StyleOh! Starving
54%
My Back Is Killing Me Baby | Sunburned Shirts | Teens of StyleSunburned Shirts
54%
Making a Door Less OpenDeadlines (Hostile)
51%
Making a Door Less OpenDeadlines (Thoughtful)
51%
Making a Door Less OpenHollywood
51%
How to Leave TownKimochi Warui (When? When? When? When? When? When? When?)
51%
Monomania | Teens of StyleTimes to Die
51%
How to Leave TownAmerica (Never Been)
49%
MonomaniaAnchorite (Love You Very Much)
49%
3Beach Death
49%
Making a Door Less OpenCan't Cool Me Down
49%
How to Leave TownHey, Space Cadet! (Beast Monster Thing in Space)
49%
How to Leave TownI Want You to Know That I'm Awake / I Hope That You're Asleep
49%
Teens of DenialNot What I Needed
49%
Starving While LivingReuse the Cels
49%
Teens of DenialThe Ballad of the Costa Concordia
49%
How to Leave TownThe Ending of Dramamine
49%
Teens of DenialConnect the Dots (The Saga of Frank Sinatra)
46%
Teens of DenialUnforgiving Girl (She's Not An)
46%
1Happy / Ugly
43%
MonomaniaSouls
43%
Nervous Young ManWe Can't Afford (Your Depression Anymore)
43%
Making a Door Less OpenWeightlifters
43%
How to Leave TownYou're in Love With Me
43%
My Back Is Killing Me BabyHappy News for Sadness
41%
Starving While LivingI Hate Living
41%
How to Leave TownIs This Dust Really From the Titanic?
41%
MonomaniaLos Borrachos (I Don't Have Any Hope Left, But the Weather Is Nice)
41%
Teens of StyleLos borrachos (I Don't Have Any Hope Left, but the Weather Is Nice)
41%
Making a Door Less OpenMartin
41%
My Back Is Killing Me Baby | Teens of StyleNo Passion
41%
3Psst, Teenagers, Take Off Your Clo
41%
MonomaniaSleeping With Strangers
41%
Nervous Young ManThe Gun Song
41%
MonomaniaMisheard Lyrics
38%
My Back Is Killing Me Baby | Sunburned ShirtsP.O.W.
38%
MonomaniaRomantic Theory
38%
My Back Is Killing Me Baby | Teens of StyleStrangers
38%
Making a Door Less OpenThere Must Be More Than Blood
38%
Starving While LivingDevil Moon
35%
4The Ghost of Bob Saget
35%
Nervous Young ManBoxing Day
32%
How to Leave TownI-94 W (832 mi)
32%
My Back Is Killing Me BabyOpen-Mouthed Boy
32%
Nervous Young ManBroken Birds (Rest in Pieces)
30%
4Dickless Heart
30%
4Heartless Dick
30%
1Kid War
30%
Nervous Young ManKnife in the Coffee
30%
Making a Door Less OpenLife Worth Missing
30%
MonomaniaOverexposed (Enjoy)
30%
1 | Nervous Young ManBig Jacket
27%
Disjecta membraDrunk on a Work Night
27%
Little Pieces of Paper With "No" Written on ThemI CAN TALK WITH MY EYES SHUT
27%
My Back Is Killing Me BabyLawns
27%
Nervous Young ManPlane Crash Blues (I Can't Play the Piano)
27%
Nervous Young ManAfterglow
24%
Nervous Young ManCrows (Rest in Bigger Pieces Mix)
24%
Disjecta membraDream: Encounter on Smoke Mountain
24%
My Back Is Killing Me Baby | Sunburned ShirtsFather, Flesh in Rags
24%
Nervous Young ManHomes
24%
Making a Door Less OpenHymn (Remix)
24%
Teens of StyleBad Role Models, Old Idols Exhumed (Psst, Teenagers, Put Your Clothes Back On)
22%
Nervous Young ManDon't Remind Me
22%
Nervous Young ManDreams Fall Hard
22%
Disjecta membraNapoleon (March Into Russia)
22%
3No Starving
22%
3Ryan North by Northwest
22%
Nervous Young ManSome Strange Angel
22%
My Back Is Killing Me BabyStoop Kid
22%
1Tybee Island Horse Ghosts
22%
1What Does OUJ Stand For
22%
3Beach Drugs
19%
Nervous Young ManBurning Man
19%
1David Lynch versus the Moon
19%
3
Beach Weak
19%
3Foreign Song
19%
Nervous Young ManGoodbye Love
19%
1Good Sunday
19%
1Inside the Bell Jar
19%
Nervous Young ManJerks
19%
Disjecta membraSinner
19%
3Sun Hot
19%
2...Then It Will Be Exactly the Same as Earth
19%
Disjecta membraUnfinished: Pain Star (If Heaven Is Full of People...)
19%
1Up All Night
19%
2We Are in Space
19%
Making a Door Less OpenWhat's With You Lately
19%
Disjecta membraWhen Will My Man Come?
19%
4A Good Bridge to Never Cross Until There's No Doubt That He's Dead
16%
Nervous Young ManDeath at the Movies
16%
Nervous Young ManI Can Play the Piano
16%
Nervous Young ManI Wanna Sweat
16%
Nervous Young ManJus' Tired
16%
Disjecta membraKS
16%
Disjecta membraPlease Mr Pilot
16%
2Smokezone
16%
1You Have to Go to College
16%
290
14%
Disjecta membraAC
14%
2Act Suspicious
14%
4Around
14%
3Beach F*gz
14%
2Fiction I
14%
2Hanging Out With My Mom in Women's Apparel
14%
2It's You, You're the Asshole That Made This
14%
1July New Hey
14%
Disjecta membraLove Me Too Much
14%
1My Dad Just Passed Out
14%
Little Pieces of Paper With "No" Written on ThemSamson's Golden Axe
14%
2Shoelaces
14%
Little Pieces of Paper With "No" Written on ThemSquid Desert
14%
3Summer Bummer
14%
2The Majestic Hotel
14%
2This One Time I Went to a Coffee House Because Some Guy I Knew Was Playing and I Just Sat There for an Hour and Didn't Talk to Anyone and Then I Came Home and Wrote This Song
14%
Little Pieces of Paper With "No" Written on Them | Sunburned Shirts100 Minutes of Solitude
11%
Disjecta membra2:24
11%
Little Pieces of Paper With "No" Written on ThemA Pleasant Sort of Terror
11%
1Cesare the Somnambulist
11%
Disjecta membraEndpiece
11%
4Even the Who Knows
11%
4Feel Like Daniel Johnston
11%
Little Pieces of Paper With "No" Written on ThemGet Better Get Well
11%
1His Shiny Customers
11%
Little Pieces of Paper With "No" Written on ThemI Am Afraid of Literally Everything
11%
Little Pieces of Paper With "No" Written on ThemI Don't Want You
11%
Little Pieces of Paper With "No" Written on ThemI Scream Social
11%
Little Pieces of Paper With "No" Written on ThemLeave Together
11%
1Mortgages for Veterans
11%
Little Pieces of Paper With "No" Written on ThemNeon Sign
11%
Little Pieces of Paper With "No" Written on ThemNothing
11%
3Portrait of the Artist as a Young F*g
11%
2Reversible Jacket
11%
Little Pieces of Paper With "No" Written on ThemSurf Jerk
11%
Little Pieces of Paper With "No" Written on ThemThe Singles Song
11%
Little Pieces of Paper With "No" Written on ThemThe Staying Song
11%
Little Pieces of Paper With "No" Written on ThemThe Vice President of Google and et al
11%
Little Pieces of Paper With "No" Written on ThemTotal Burn
11%
Little Pieces of Paper With "No" Written on ThemWachovia Receipts
11%
Little Pieces of Paper With "No" Written on ThemWhen I'm Here
11%
4Who Even Knows
11%
2Will You Please Pass the Milk, Please?
11%
1Yes Bulletin
11%
Little Pieces of Paper With "No" Written on ThemFf
8%
Sunburned ShirtsGet Better Song Titles Punk
8%
Disjecta membraHi Life
8%
Little Pieces of Paper With "No" Written on ThemHot Sun
8%
Disjecta membraIf Not, Then Oh Well
8%
4Not "Kidding" Around
8%
Disjecta membraThe Hard Part
8%
Disjecta membraMemories
5%
Teens of StylePsst, Teenagers, Take Off Your Clothes
5%
Disjecta membraSound Man / Low Fidelity
5%

Score Distribution

Percentile by Number Answered

Percent of People with Each Score

Your Score History

You have not taken this quiz